00463nam a2200133Ia 4500008004100000041000800041082000800049100003500057245002300092260003900115906001200154999001700166952014600183221007s9999 xx 000 0 und d aeng bHUS aBhatia Vanraj, Composer997009 4aThe Elements Earth c2011bThe India Today GroupaDelhi bGeneral c61494d61494 00104070aHIMRbHIMRd2011-12-08eDream Inheritorg100.00i2812l0o HUSpHIMR-AV-1376r2022-10-07 00:00:00v100.00w2011-11-17yVCzAV1376